[Event "46th GRE-chT Premier 2018"]
[Site "Rio Achaia"]
[Date "2018.07.11"]
[Round "2"]
[White "Patrelakis, Evaggelos"]
[Black "Spyropoulos, Nikolaos"]
[Result "1-0"]
[WhiteElo "2285"]
[BlackElo "2293"]
[Annotator "NA"]
[PlyCount "73"]
[EventDate "2018.07.10"]
[EventType "team-tourn"]
[EventCountry "GRE"]
[SourceTitle "playchess.com"]
[Source "ChessBase"]
[SourceQuality "1"]
[TimeControl "40/5400+30:1800+30"]

1. e4 {[%emt 0:00:00]} Nf6 {[%emt 0:00:53]} 2. e5 {[%emt 0:00:00]} Nd5 {[%emt 0:00:07]} 3. d4 {[%emt 0:00:00]} d6 {[%emt 0:00:03]} 4. c4 {[%emt 0:00:00]} Nb6 {[%emt 0:00:02]} 5. exd6 {[%emt 0:00:00]} cxd6 {[%emt 0:00:36]} 6. Nc3 {[%emt 0:00:45]} g6 {[%emt 0:00:05]} 7. Bd3 {[%emt 0:02:40]} Bg7 {[%emt 0:02:06]} 8. Nge2 {[%emt 0:00:16]} O-O {[%emt 0:12:58]} 9. Be3 {[%emt 0:02:41]} Nc6 {[%emt 0:01:24]} 10. b3 {[%emt 0:02:38]} d5 {[%emt 0:07:40]} 11. c5 {[%emt 0:22:49]} Nd7 {[%emt 0:01:04]} 12. Rc1 {[%emt 0:01:20]} e5 {[%emt 0:07:48]} 13. dxe5 {[%emt 0:09:35]} Ndxe5 {[%emt 0:03:04]} 14. Bb5 {[%emt 0:02:00]} Ng4 {[%emt 0:14:22]} 15. Qxd5 {[%emt 0:08:07]} Nxe3 {[%emt 0:01:49]} 16. fxe3 {[%emt 0:05:09]} Qh4+ {[%emt 0:06:34]} 17. Ng3 {[%emt 0:09:42]} Qe7 {[%emt 0:03:19]} 18. Nce4 {[%emt 0:07:05]} Rd8 {[%emt 0:04:03]} 19. Qg5 {[%emt 0:01:54]} Qxg5 {[%emt 0:05:40]} 20. Nxg5 {[%emt 0:00:03]} Bh6 {[%emt 0:00:33]} 21. h4 {[%emt 0:01:59]} f6 {[%emt 0:01:37]} 22. N5e4 {[%emt 0:13:17]} Bxe3 {[%emt 0:01:09]} 23. Rd1 {[%emt 0:01:49]} Rxd1+ {[%emt 0:05:39]} 24. Kxd1 {[%emt 0:00:01]} f5 {[%emt 0:00:23]} 25. Re1 {[%emt 0:01:35]} Bf4 {[%emt 0:09:20]} 26. Nd6 {[%emt 0:01:00]} Bd7 {[%emt 0:00:41]} 27. Ne2 {[%emt 0:00:58]} Be3 {[%emt 0:01:34]} 28. Nxb7 {[%emt 0:01:18]} Rb8 {[%emt 0:00:35]} 29. Nc3 {[%emt 0:02:23]} Bd4 {[%emt 0:01:26]} 30. Nd5 {[%emt 0:01:48]} Kf8 {[%emt 0:01:43]} 31. Nd6 {[%emt 0:00:39]} Bxc5 {[%emt 0:01:20]} 32. Nf6 {[%emt 0:00:12]} Rd8 {[%emt 0:05:23]} 33. Nb7 {[%emt 0:00:24]} Be6+ {[%emt 0:00:57]} 34. Nxd8 {[%emt 0:00:58]} Nxd8 {[%emt 0:00:06]} 35. Nxh7+ {[%emt 0:00:59]} Kg7 {[%emt 0:00:09]} 36. Ng5 {[%emt 0:00:15]} Bd5 {[%emt 0:00:05]} 37. Re5 {[%emt 0:00:20]} 1-0

[Event "46th GRE-chT Premier 2018"]
[Site "Rio Achaia"]
[Date "2018.07.11"]
[Round "2"]
[White "Drakoulakos, Grigorios"]
[Black "Tsanas, Athanasios"]
[Result "1-0"]
[WhiteElo "2276"]
[BlackElo "2302"]
[Annotator "NA"]
[PlyCount "65"]
[EventDate "2018.07.10"]
[EventType "team-tourn"]
[EventCountry "GRE"]
[SourceTitle "playchess.com"]
[Source "ChessBase"]
[SourceQuality "1"]
[TimeControl "40/5400+30:1800+30"]

1. e4 {[%emt 0:01:24]} c5 {[%emt 0:01:44]} 2. Nf3 {[%emt 0:00:06]} d6 {[%emt 0:00:05]} 3. d4 {[%emt 0:00:06]} cxd4 {[%emt 0:00:06]} 4. Nxd4 {[%emt 0:00:05]} Nf6 {[%emt 0:00:04]} 5. Nc3 {[%emt 0:00:06]} a6 {[%emt 0:00:30]} 6. Be2 {[%emt 0:01:08]} e5 {[%emt 0:00:17]} 7. Nb3 {[%emt 0:00:18]} Be7 {[%emt 0:00:10]} 8. Be3 {[%emt 0:00:50]} Be6 {[%emt 0:00:07]} 9. Nd5 {[%emt 0:01:28]} Nbd7 {[%emt 0:07:49]} 10. Qd3 {[%emt 0:00:45]} Bxd5 {[%emt 0:00:07]} 11. exd5 {[%emt 0:00:06]} O-O 12. c4 {[%emt 0:02:32]} Nc5 {[%emt 0:36:24]} 13. Nxc5 {[%emt 0:07:13]} dxc5 {[%emt 0:00:04]} 14. O-O {[%emt 0:25:29]} Qc7 {[%emt 0:03:43]} 15. Rab1 a5 {[%emt 0:12:55]} 16. a3 {[%emt 0:14:44]} e4 {[%emt 0:02:41]} 17. Qc2 {[%emt 0:06:27]} Bd6 {[%emt 0:00:05]} 18. h3 {[%emt 0:00:54]} Rae8 {[%emt 0:00:35]} 19. Rfc1 {[%emt 0:07:37]} Nd7 {[%emt 0:01:10]} 20. b4 {[%emt 0:00:52]} axb4 {[%emt 0:00:15]} 21. axb4 {[%emt 0:00:02]} f5 {[%emt 0:02:19]} 22. bxc5 Nxc5 {[%emt 0:04:46]} 23. Bd4 {[%emt 0:10:22]} Be5 {[%emt 0:08:03]} 24. Qb2 {[%emt 0:03:48]} f4 {[%emt 0:04:09]} 25. Bxe5 {[%emt 0:00:14]} Rxe5 {[%emt 0:00:41]} 26. Qd4 {[%emt 0:01:52]} Qd6 {[%emt 0:01:45]} 27. Rb5 {[%emt 0:00:46]} b6 {[%emt 0:00:20]} 28. Rcb1 {[%emt 0:00:25]} Nd7 {[%emt 0:05:32]} 29. Bg4 {[%emt 0:00:19]} Rfe8 {[%emt 0:00:33]} 30. Bxd7 {[%emt 0:00:50]} Qxd7 {[%emt 0:00:04]} 31. Rxb6 {[%emt 0:00:01]} Rg5 {[%emt 0:02:43]} 32. Rb8 {[%emt 0:01:39]} f3 {[%emt 0:01:32]} 33. Qxe4 {[%emt 0:00:47]} 1-0

[Event "46th GRE-chT Premier 2018"]
[Site "Rio Achaia"]
[Date "2018.07.11"]
[Round "2"]
[White "Vafiadis, Kleanthis"]
[Black "Pappas, Apostolos"]
[Result "1-0"]
[WhiteElo "2275"]
[BlackElo "2034"]
[Annotator "NA"]
[PlyCount "85"]
[EventDate "2018.07.10"]
[EventType "team-tourn"]
[EventCountry "GRE"]
[SourceTitle "playchess.com"]
[Source "ChessBase"]
[SourceQuality "1"]
[TimeControl "40/5400+30:1800+30"]

1. d4 {[%emt 0:00:00]} d6 {[%emt 0:00:00]} 2. e4 {[%emt 0:00:37]} Nf6 {[%emt 0:00:00]} 3. Nc3 {[%emt 0:00:07]} g6 {[%emt 0:00:00]} 4. Bg5 {[%emt 0:00:39]} Bg7 5. e5 {[%emt 0:00:50]} Nfd7 {[%emt 0:00:00]} 6. Nf3 {[%emt 0:04:06]} O-O {[%emt 0:04:08]} 7. Qe2 {[%emt 0:01:20]} f6 {[%emt 0:00:45]} 8. exf6 {[%emt 0:04:26]} exf6 {[%emt 0:00:01]} 9. Be3 {[%emt 0:00:22]} c6 {[%emt 0:04:46]} 10. Qd2 {[%emt 0:02:07]} d5 {[%emt 0:00:12]} 11. h4 {[%emt 0:03:33]} Re8 {[%emt 0:03:18]} 12. h5 g5 {[%emt 0:14:32]} 13. h6 {[%emt 0:03:39]} Bf8 {[%emt 0:02:42]} 14. O-O-O {[%emt 0:05:09]} Be7 {[%emt 0:04:20]} 15. Bd3 {[%emt 0:02:56]} Nf8 {[%emt 0:00:00]} 16. Ne2 {[%emt 0:03:27]} Na6 {[%emt 0:02:45]} 17. c3 {[%emt 0:09:48]} b5 {[%emt 0:08:31]} 18. Ng3 {[%emt 0:00:51]} b4 {[%emt 0:01:08]} 19. c4 {[%emt 0:01:15]} Bd6 {[%emt 0:04:02]} 20. Nh5 {[%emt 0:08:13]} b3 {[%emt 0:12:10]} 21. a3 {[%emt 0:02:34]} Rb8 {[%emt 0:13:54]} 22. c5 {[%emt 0:00:25]} Bc7 {[%emt 0:00:29]} 23. Nxg5 {[%emt 0:09:02]} Rxe3 {[%emt 0:04:03]} 24. Bxh7+ {[%emt 0:05:23]} Nxh7 {[%emt 0:00:43]} 25. Nxh7 {[%emt 0:00:08]} Kxh7 {[%emt 0:01:11]} 26. Qxe3 {[%emt 0:03:33]} Bf5 27. g4 {[%emt 0:04:52]} Bg6 {[%emt 0:07:52]} 28. Rde1 {[%emt 0:02:25]} Rb7 {[%emt 0:01:30]} 29. Qe7+ {[%emt 0:06:02]} Qxe7 {[%emt 0:00:13]} 30. Rxe7+ {[%emt 0:00:05]} Kh8 {[%emt 0:00:58]} 31. Rhe1 {[%emt 0:00:13]} Bxh5 {[%emt 0:02:23]} 32. gxh5 {[%emt 0:00:38]} Bf4+ {[%emt 0:00:07]} 33. Kd1 {[%emt 0:00:22]} Rxe7 {[%emt 0:00:31]} 34. Rxe7 {[%emt 0:00:06]} Nc7 {[%emt 0:00:18]} 35. a4 {[%emt 0:01:25]} a5 {[%emt 0:06:46]} 36. Ke2 {[%emt 0:02:12]} Na6 {[%emt 0:01:52]} 37. Ra7 {[%emt 0:05:07]} Nb4 {[%emt 0:00:23]} 38. Rxa5 {[%emt 0:05:37]} Bc1 {[%emt 0:01:24]} 39. Ra8+ {[%emt 0:00:00]} Kh7 {[%emt 0:00:00]} 40. Rb8 {[%emt 0:00:00]} Nc2 {[%emt 0:00:00]} 41. Kd1 {[%emt 0:05:28]} Bf4 {[%emt 0:07:22]} 42. Rb7+ {[%emt 0:00:19]} Kxh6 {[%emt 0:00:12]} 43. a5 {[%emt 0:00:19]} 1-0

[Event "46th GRE-chT Premier 2018"]
[Site "Rio Achaia"]
[Date "2018.07.11"]
[Round "2"]
[White "Poulopoulos, Ioannis"]
[Black "Hadzimanolis, Antonios"]
[Result "1/2-1/2"]
[WhiteElo "2268"]
[BlackElo "2246"]
[Annotator "NA"]
[PlyCount "87"]
[EventDate "2018.07.10"]
[EventType "team-tourn"]
[EventCountry "GRE"]
[SourceTitle "playchess.com"]
[Source "ChessBase"]
[SourceQuality "1"]
[TimeControl "40/5400+30:1800+30"]

1. c4 {[%emt 0:00:00]} Nf6 {[%emt 0:00:00]} 2. Nc3 {[%emt 0:00:00]} c5 {[%emt 0:01:43]} 3. g3 {[%emt 0:00:18]} g6 {[%emt 0:03:11]} 4. Bg2 {[%emt 0:00:14]} Bg7 {[%emt 0:00:01]} 5. e3 {[%emt 0:00:51]} O-O {[%emt 0:00:08]} 6. Nge2 {[%emt 0:00:20]} d6 {[%emt 0:02:08]} 7. O-O {[%emt 0:02:55]} Nc6 {[%emt 0:16:32]} 8. b3 {[%emt 0:00:41]} Bf5 {[%emt 0:08:24]} 9. d4 {[%emt 0:07:00]} cxd4 {[%emt 0:01:25]} 10. Nxd4 {[%emt 0:08:16]} Nxd4 {[%emt 0:00:34]} 11. exd4 {[%emt 0:00:07]} Qd7 $14 {[%emt 0:00:21]} 12. Bb2 {[%emt 0:02:42]} Bh3 {[%emt 0:00:48]} 13. Ne2 {[%emt 0:02:41]} Bxg2 {[%emt 0:02:43]} 14. Kxg2 {[%emt 0:00:08]} d5 {[%emt 0:04:43]} 15. c5 {[%emt 0:03:55]} h5 {[%emt 0:03:22]} 16. h4 {[%emt 0:05:11]} Ng4 {[%emt 0:10:05]} 17. Nf4 {[%emt 0:07:21]} Rac8 {[%emt 0:11:18]} 18. Re1 {[%emt 0:06:23]} Nh6 {[%emt 0:08:36]} 19. Nd3 {[%emt 0:03:05]} Nf5 {[%emt 0:00:25]} 20. Ne5 {[%emt 0:03:53]} Bxe5 {[%emt 0:00:12]} 21. Rxe5 {[%emt 0:00:09]} f6 {[%emt 0:01:38]} 22. Re1 {[%emt 0:01:13]} Kf7 {[%emt 0:00:55]} 23. a4 {[%emt 0:07:27]} Rh8 {[%emt 0:00:46]} 24. Bc1 {[%emt 0:09:33]} b6 {[%emt 0:06:52]} 25. b4 {[%emt 0:01:46]} a5 {[%emt 0:00:09]} 26. cxb6 {[%emt 0:06:40]} Rc4 {[%emt 0:00:54]} 27. bxa5 {[%emt 0:02:33]} Rxd4 {[%emt 0:01:26]} 28. Qb3 {[%emt 0:00:29]} Qb7 {[%emt 0:03:21]} 29. Bb2 {[%emt 0:09:32]} Rc4 {[%emt 0:00:54]} 30. Rad1 {[%emt 0:04:32]} Ra8 {[%emt 0:01:55]} 31. Qb5 {[%emt 0:00:44]} e6 {[%emt 0:01:43]} 32. Ba3 {[%emt 0:02:43]} d4+ {[%emt 0:02:10]} 33. Kg1 {[%emt 0:01:04]} Rc3 {[%emt 0:00:28]} 34. Rd3 {[%emt 0:00:26]} Rxd3 {[%emt 0:00:14]} 35. Qxd3 {[%emt 0:00:03]} Rxa5 {[%emt 0:00:04]} 36. Qb3 {[%emt 0:00:05]} Rd5 {[%emt 0:01:49]} 37. Qb4 {[%emt 0:01:55]} Rd6 {[%emt 0:01:41]} 38. a5 {[%emt 0:00:35]} d3 {[%emt 0:00:35]} 39. Rd1 {[%emt 0:01:16]} Qf3 {[%emt 0:02:49]} 40. Rd2 {[%emt 0:00:00]} Nxg3 {[%emt 0:00:00]} 41. fxg3 {[%emt 0:03:46]} Qxg3+ {[%emt 0:02:28]} 42. Kf1 {[%emt 0:05:48]} Qf3+ {[%emt 0:01:03]} 43. Kg1 {[%emt 0:00:14]} Qg3+ {[%emt 0:00:20]} 44. Kf1 {[%emt 0:01:00]} 1/2-1/2

[Event "46th GRE-chT Premier 2018"]
[Site "Rio Achaia"]
[Date "2018.07.11"]
[Round "2"]
[White "Ratsma, Rosa"]
[Black "Petraki, Maria"]
[Result "1-0"]
[WhiteElo "2265"]
[BlackElo "1962"]
[Annotator "NA"]
[PlyCount "71"]
[EventDate "2018.07.10"]
[EventType "team-tourn"]
[EventCountry "GRE"]
[SourceTitle "playchess.com"]
[Source "ChessBase"]
[SourceQuality "1"]
[TimeControl "40/5400+30:1800+30"]

1. e4 {[%emt 0:00:00]} c5 {[%emt 0:01:04]} 2. Nf3 {[%emt 0:00:00]} d6 {[%emt 0:00:26]} 3. d4 {[%emt 0:00:00]} cxd4 {[%emt 0:00:02]} 4. Nxd4 {[%emt 0:00:00]} Nf6 {[%emt 0:00:21]} 5. Nc3 {[%emt 0:00:03]} a6 {[%emt 0:00:14]} 6. h3 {[%emt 0:01:01]} e5 {[%emt 0:01:04]} 7. Nde2 {[%emt 0:00:26]} h5 {[%emt 0:01:06]} 8. g3 {[%emt 0:02:50]} Qc7 {[%emt 0:16:44]} 9. Bg5 {[%emt 0:06:37]} Nbd7 {[%emt 0:04:45]} 10. Bg2 {[%emt 0:02:02]} b6 {[%emt 0:09:28]} 11. Nd5 {[%emt 0:04:34]} Nxd5 {[%emt 0:01:53]} 12. exd5 {[%emt 0:00:14]} g6 {[%emt 0:09:31]} 13. Qd2 {[%emt 0:02:35]} Bg7 {[%emt 0:03:42]} 14. Rc1 {[%emt 0:06:37]} f6 {[%emt 0:13:40]} 15. Be3 {[%emt 0:01:07]} a5 {[%emt 0:08:18]} 16. f4 {[%emt 0:09:00]} O-O 17. O-O {[%emt 0:02:39]} Ba6 {[%emt 0:05:18]} 18. c4 {[%emt 0:00:30]} Rae8 {[%emt 0:10:04]} 19. f5 {[%emt 0:02:48]} Nc5 20. g4 hxg4 {[%emt 0:04:14]} 21. hxg4 {[%emt 0:08:46]} g5 {[%emt 0:00:07]} 22. b3 {[%emt 0:03:04]} Kf7 {[%emt 0:02:28]} 23. Ng3 {[%emt 0:02:45]} Rh8 {[%emt 0:00:46]} 24. Nh5 {[%emt 0:01:11]} Bh6 {[%emt 0:02:08]} 25. Rf3 {[%emt 0:03:57]} Rh7 {[%emt 0:02:41]} 26. Rh3 {[%emt 0:00:46]} Reh8 {[%emt 0:00:04]} 27. Kf2 {[%emt 0:03:23]} b5 {[%emt 0:00:38]} 28. cxb5 {[%emt 0:01:32]} Bxb5 {[%emt 0:00:09]} 29. Bxc5 {[%emt 0:00:44]} dxc5 {[%emt 0:00:45]} 30. d6 {[%emt 0:00:24]} Qb6 {[%emt 0:00:18]} 31. Qd5+ {[%emt 0:00:46]} Kf8 {[%emt 0:00:26]} 32. Qxc5 {[%emt 0:00:58]} Qxc5+ {[%emt 0:01:19]} 33. Rxc5 {[%emt 0:00:07]} Bd7 {[%emt 0:00:40]} 34. Rxa5 {[%emt 0:01:15]} Bxf5 {[%emt 0:01:28]} 35. gxf5 {[%emt 0:00:33]} g4 {[%emt 0:00:25]} 36. Ra8+ {[%emt 0:00:15]} 1-0

[Event "46th GRE-chT Premier 2018"]
[Site "Rio Achaia"]
[Date "2018.07.11"]
[Round "2"]
[White "Avramidou, Anastasia"]
[Black "Salahidou, Reveka"]
[Result "1-0"]
[WhiteElo "2262"]
[BlackElo "1955"]
[Annotator "NA"]
[PlyCount "65"]
[EventDate "2018.07.10"]
[EventType "team-tourn"]
[EventCountry "GRE"]
[SourceTitle "playchess.com"]
[Source "ChessBase"]
[SourceQuality "1"]
[TimeControl "40/5400+30:1800+30"]

1. d4 {[%emt 0:00:00]} Nf6 {[%emt 0:00:00]} 2. c4 {[%emt 0:00:00]} g6 {[%emt 0:00:00]} 3. Nc3 {[%emt 0:00:00]} c5 {[%emt 0:00:00]} 4. d5 {[%emt 0:00:25]} d6 $14 {[%emt 0:00:00] LiveBook: 1908 Partien} 5. e4 {[%emt 0:00:13]} Bg7 {[%emt 0:00:04]} 6. Bd3 {[%emt 0:00:06]} O-O {[%emt 0:00:07]} 7. Nge2 {[%emt 0:00:03]} e6 {[%emt 0:01:26]} 8. Bg5 {[%emt 0:00:47]} h6 {[%emt 0:03:43]} 9. Bh4 {[%emt 0:00:19]} Re8 {[%emt 0:09:54]} 10. O-O {[%emt 0:10:15]} exd5 {[%emt 0:02:41]} 11. exd5 {[%emt 0:00:06]} Nbd7 {[%emt 0:00:46]} 12. f4 {[%emt 0:04:35]} a6 {[%emt 0:04:30]} 13. a4 {[%emt 0:04:17]} Qc7 {[%emt 0:00:40]} 14. Qd2 {[%emt 0:19:09]} Nf8 {[%emt 0:05:18]} 15. Rae1 {[%emt 0:01:50]} Bd7 {[%emt 0:02:03]} 16. Bxf6 {[%emt 0:10:53]} Bxf6 {[%emt 0:00:07]} 17. f5 {[%emt 0:00:03]} Bg5 {[%emt 0:01:23]} 18. Qc2 {[%emt 0:02:20]} Kg7 {[%emt 0:06:12]} 19. Ng3 {[%emt 0:11:28]} Be3+ {[%emt 0:07:37]} 20. Kh1 {[%emt 0:00:07]} Bd4 {[%emt 0:00:05]} 21. f6+ {[%emt 0:16:58]} Kg8 {[%emt 0:13:12]} 22. Re4 {[%emt 0:00:52]} Rxe4 {[%emt 0:05:18]} 23. Ncxe4 {[%emt 0:00:19]} Be5 {[%emt 0:08:55]} 24. Qd2 {[%emt 0:05:52]} Kh7 {[%emt 0:03:40]} 25. Ng5+ {[%emt 0:01:39]} hxg5 {[%emt 0:09:36]} 26. Qxg5 {[%emt 0:00:05]} Re8 {[%emt 0:03:03]} 27. Ne4 {[%emt 0:02:06]} Bg4 {[%emt 0:07:57]} 28. Qxg4 {[%emt 0:00:18]} Nd7 {[%emt 0:01:25]} 29. Ng5+ {[%emt 0:02:12]} Kg8 {[%emt 0:00:42]} 30. Nxf7 {[%emt 0:00:43]} Nxf6 {[%emt 0:01:12]} 31. Qxg6+ {[%emt 0:00:11]} Kf8 {[%emt 0:00:19]} 32. Ng5 {[%emt 0:00:12]} Ke7 {[%emt 0:00:45]} 33. Ne6 {[%emt 0:01:45]} 1-0

[Event "46th GRE-chT Premier 2018"]
[Site "Rio Achaia"]
[Date "2018.07.11"]
[Round "2"]
[White "Balokas, Dimitrios"]
[Black "Tsakiris, Haralambos"]
[Result "1/2-1/2"]
[WhiteElo "2259"]
[BlackElo "2222"]
[Annotator "NA"]
[PlyCount "26"]
[EventDate "2018.07.10"]
[EventType "team-tourn"]
[EventCountry "GRE"]
[SourceTitle "playchess.com"]
[Source "ChessBase"]
[SourceQuality "1"]
[TimeControl "40/5400+30:1800+30"]

1. Nf3 {[%emt 0:00:00]} Nf6 {[%emt 0:00:55]} 2. c4 {[%emt 0:00:00]} e6 {[%emt 0:00:34]} 3. g3 {[%emt 0:00:00]} d5 {[%emt 0:00:10]} 4. d4 {[%emt 0:00:07]} Bb4+ {[%emt 0:00:53]} 5. Bd2 {[%emt 0:00:08]} Be7 {[%emt 0:00:41]} 6. Bg2 {[%emt 0:00:09]} O-O {[%emt 0:00:17]} 7. Qc2 {[%emt 0:00:07]} c6 {[%emt 0:00:22]} 8. O-O {[%emt 0:00:09]} Nbd7 {[%emt 0:01:21]} 9. Rd1 {[%emt 0:00:09]} b6 {[%emt 0:01:13]} 10. Bf4 {[%emt 0:00:42]} Nh5 {[%emt 0:00:05]} 11. Bc1 {[%emt 0:00:07]} Nhf6 {[%emt 0:00:02]} 12. Bf4 {[%emt 0:00:10]} Nh5 {[%emt 0:00:05]} 13. Bc1 {[%emt 0:00:08]} Nhf6 {[%emt 0:00:32]} 1/2-1/2

[Event "46th GRE-chT Premier 2018"]
[Site "Rio Achaia"]
[Date "2018.07.11"]
[Round "2"]
[White "Alexiadis, Hristos"]
[Black "Petrakis, Stylianos"]
[Result "1-0"]
[WhiteElo "2244"]
[BlackElo "2024"]
[Annotator "NA"]
[PlyCount "81"]
[EventDate "2018.07.10"]
[EventType "team-tourn"]
[EventCountry "GRE"]
[SourceTitle "playchess.com"]
[Source "ChessBase"]
[SourceQuality "1"]
[TimeControl "40/5400+30:1800+30"]

1. d4 {[%emt 0:00:13]} Nf6 {[%emt 0:00:00]} 2. Nf3 {[%emt 0:00:37]} g6 {[%emt 0:00:12]} 3. Bg5 {[%emt 0:00:11]} Bg7 {[%emt 0:00:15]} 4. Nbd2 {[%emt 0:00:22]} d6 {[%emt 0:03:53]} 5. c3 {[%emt 0:01:11]} O-O {[%emt 0:02:14]} 6. e4 {[%emt 0:00:23]} Nbd7 {[%emt 0:02:27]} 7. Be2 {[%emt 0:00:21]} c5 {[%emt 0:03:07]} 8. O-O {[%emt 0:00:45]} b6 {[%emt 0:03:55]} 9. Re1 {[%emt 0:00:10]} Bb7 {[%emt 0:02:17]} 10. Bf1 {[%emt 0:00:25]} h6 {[%emt 0:08:04]} 11. Bh4 {[%emt 0:00:07]} g5 {[%emt 0:06:38]} 12. Bg3 {[%emt 0:00:15]} Nh5 {[%emt 0:00:36]} 13. a4 {[%emt 0:01:44]} Nxg3 {[%emt 0:08:32]} 14. hxg3 {[%emt 0:00:11]} Qc7 {[%emt 0:02:00]} 15. Bd3 {[%emt 0:03:17]} e6 {[%emt 0:03:34]} 16. Qe2 {[%emt 0:04:56]} Rae8 {[%emt 0:09:52]} 17. Rac1 {[%emt 0:05:52]} f6 {[%emt 0:09:54]} 18. Bb1 {[%emt 0:03:00]} Re7 {[%emt 0:06:12]} 19. Qd3 {[%emt 0:02:21]} Rd8 {[%emt 0:12:50]} 20. d5 {[%emt 0:11:48]} e5 {[%emt 0:07:13]} 21. c4 {[%emt 0:00:09]} h5 {[%emt 0:01:23]} 22. Nf1 {[%emt 0:00:07]} Bc8 {[%emt 0:01:24]} 23. Ne3 {[%emt 0:00:09]} Nf8 {[%emt 0:00:06]} 24. Bc2 {[%emt 0:00:28]} Bh8 {[%emt 0:00:33]} 25. a5 {[%emt 0:04:32]} Rh7 {[%emt 0:02:39]} 26. Ra1 {[%emt 0:00:28]} Ng6 {[%emt 0:01:16]} 27. Nf5 {[%emt 0:00:08]} h4 {[%emt 0:01:00]} 28. axb6 {[%emt 0:01:18]} axb6 {[%emt 0:00:05]} 29. Nh2 {[%emt 0:01:18]} hxg3 {[%emt 0:01:36]} 30. fxg3 {[%emt 0:00:04]} Bxf5 {[%emt 0:00:36]} 31. exf5 {[%emt 0:00:04]} Nf8 {[%emt 0:00:19]} 32. Ng4 {[%emt 0:00:33]} Nd7 {[%emt 0:00:45]} 33. Ba4 {[%emt 0:02:06]} Nb8 {[%emt 0:00:28]} 34. Bb5 {[%emt 0:00:17]} Qf7 {[%emt 0:00:29]} 35. Qe4 {[%emt 0:00:06]} Bg7 {[%emt 0:00:33]} 36. Kf2 {[%emt 0:00:09]} Rc8 {[%emt 0:00:30]} 37. Ra8 {[%emt 0:00:22]} Qb7 {[%emt 0:00:30]} 38. Rea1 {[%emt 0:00:08]} Bh8 {[%emt 0:00:08]} 39. Qe1 {[%emt 0:03:32]} Nd7 {[%emt 0:00:49]} 40. R8a7 {[%emt 0:00:00]} Qb8 {[%emt 0:00:00]} 41. Bxd7 {[%emt 0:00:20]} 1-0